<?xml version="1.0" encoding="UTF-8"?>
<marc:record xmlns:marc="http://www.loc.gov/MARC21/slim">
   <marc:leader>00000nam a2200000 a 4500</marc:leader>
   <marc:datafield ind1="1" ind2=" " tag="100">
      <marc:subfield code="a">Berg, Eric</marc:subfield>
      <marc:subfield code="4">aut</marc:subfield>
      <marc:subfield code="e">Verfasser/-in</marc:subfield>
   </marc:datafield>
   <marc:datafield ind1=" " ind2=" " tag="653">
      <marc:subfield code="a">Fiktionale Darstellung</marc:subfield>
   </marc:datafield>
   <marc:datafield ind1=" " ind2=" " tag="653">
      <marc:subfield code="a">Krimis, Thriller, Spionage</marc:subfield>
   </marc:datafield>
   <marc:datafield ind1="0" ind2="0" tag="245">
      <marc:subfield code="a">Der Küstenpfad</marc:subfield>
   </marc:datafield>
   <marc:datafield ind1="0" ind2="0" tag="245">
      <marc:subfield code="b">Kriminalroman</marc:subfield>
   </marc:datafield>
   <marc:datafield ind1="0" ind2="0" tag="245">
      <marc:subfield code="c">Berg, Eric</marc:subfield>
   </marc:datafield>
   <marc:datafield ind1=" " ind2="1" tag="264">
      <marc:subfield code="a">München</marc:subfield>
      <marc:subfield code="b">Limes</marc:subfield>
      <marc:subfield code="c">2025</marc:subfield>
   </marc:datafield>
   <marc:datafield ind1="1" ind2=" " tag="490">
      <marc:subfield code="a">Doro Kagel</marc:subfield>
      <marc:subfield code="v">Band 4</marc:subfield>
   </marc:datafield>
   <marc:datafield ind1=" " ind2=" " tag="250">
      <marc:subfield code="a">1. Auflage, Originalausgabe</marc:subfield>
   </marc:datafield>
   <marc:datafield ind1="1" ind2=" " tag="520">
      <marc:subfield code="a">Das Wandern ist des Möders Lust – Doro Kagels neuester und persönlichster Fall!&#xD;
&#xD;
Vier Frauen und drei Männer, die sich über ein Online-Portal kennengelernt haben, wollen gemeinsam über den Küstenpfad von Wolgast nach Wismar wandern. Dünenwege, Steilküsten, die blaue Ostsee – was idyllisch beginnt, verwandelt sich in einen Albtraum, denn immer mehr erhärtet sich der Verdacht, dass sie verfolgt werden. Als einer der Wanderer ermordet aufgefunden wird, überschlagen sich die Ereignisse.&#xD;
Zwei Wochen später: Im Zuge der Ermittlungen begibt sich die Journalistin Doro Kagel auf dieselbe Route, im Schlepptau ihren Sohn Jonas. Gemeinsam befragen sie Kellner, Wirte, Polizisten – und einige Mitglieder der Wandergruppe erscheinen dabei in einem ganz neuen Licht ...&#xD;
Noch mehr packende Küstenspannung? Dann empfehlen wir Ihnen auch die anderen Krimis um Doro Kagel oder Eric Bergs Stand Alones »Schattenbucht« und »Totendamm«.&#xD;
Darf's etwas mehr Sonne sein? Dann lesen Sie »Roter Sand«, den ersten Band der spannenden Gran-Canaria-Reihe um Kommissar Fabio Lozano.</marc:subfield>
   </marc:datafield>
   <marc:datafield ind1=" " ind2=" " tag="020">
      <marc:subfield code="a">9783809027270</marc:subfield>
      <marc:subfield code="9">9783809027270</marc:subfield>
   </marc:datafield>
   <marc:datafield ind1=" " ind2=" " tag="020">
      <marc:subfield code="a">3809027278</marc:subfield>
      <marc:subfield code="9">3809027278</marc:subfield>
   </marc:datafield>
   <marc:datafield ind1=" " ind2=" " tag="041">
      <marc:subfield code="a">ger</marc:subfield>
   </marc:datafield>
   <marc:datafield ind1="0" ind2=" " tag="490">
      <marc:subfield code="v">Band 4</marc:subfield>
   </marc:datafield>
   <marc:datafield ind1=" " ind2=" " tag="338">
      <marc:subfield code="a">Band</marc:subfield>
   </marc:datafield>
   <marc:datafield ind1=" " ind2=" " tag="300">
      <marc:subfield code="a">416 Seiten</marc:subfield>
   </marc:datafield>
</marc:record>
